[Event "SVK-ch U10"]
[Site "Liptovsky Mikulas"]
[Date "2018.04.25"]
[Round "7"]
[White "Balusik, Branislav"]
[Black "Popelka, Filip"]
[Result "1-0"]
[WhiteElo "1161"]
[BlackElo "1000"]
[PlyCount "67"]
[EventDate "2018.04.21"]
[EventType "swiss"]
[EventRounds "9"]
[EventCountry "SVK"]
[SourceTitle "CBM 184 Extra"]
[Source "ChessBase"]
[SourceDate "2018.06.28"]
[SourceVersion "1"]
[SourceVersionDate "2018.06.28"]
[SourceQuality "1"]

1. e4 e5 2. Nf3 Nc6 3. Bc4 Nf6 4. Ng5 Qe7 5. Bxf7+ Kd8 6. Bc4 Rg8 7. Bxg8 h6 8. Nf3 Nxe4 9. Bb3 Qe8 10. Nc3 Nxc3 11. dxc3 d6 12. Be3 Bg4 13. h3 Bxf3 14. Qxf3 Kd7 15. Ba4 Rd8 16. Bxc6+ bxc6 17. Qg4+ Qe6 18. Qxe6+ Kxe6 19. Bxa7 d5 20. 0-0 Ra8 21. Be3 g5 22. Rfe1 Kf6 23. a3 Rb8 24. b3 h5 25. g4 hxg4 26. hxg4 e4 27. f4 gxf4 28. Bxf4 Bd6 29. Bxd6 cxd6 30. Rad1 Kg5 31. c4 Kxg4 32. cxd5 Kg3 33. Rxe4 cxd5 34. Rd3# 1-0

[Event "SVK-ch U10"]
[Site "Liptovsky Mikulas"]
[Date "2018.04.23"]
[Round "4"]
[White "Azari, Martin"]
[Black "Popelka, Filip"]
[Result "1/2-1/2"]
[WhiteElo "1000"]
[BlackElo "1000"]
[PlyCount "25"]
[EventDate "2018.04.21"]
[EventType "swiss"]
[EventRounds "9"]
[EventCountry "SVK"]
[SourceTitle "CBM 184 Extra"]
[Source "ChessBase"]
[SourceDate "2018.06.28"]
[SourceVersion "1"]
[SourceVersionDate "2018.06.28"]
[SourceQuality "1"]

1. e4 e5 2. Bc4 Nf6 3. c3 Nxe4 4. d4 exd4 5. cxd4 Bb4+ 6. Bd2 a5 7. a3 Bxd2+ 8. Nxd2 d5 9. Nxe4 dxe4 10. Ne2 Bg4 11. f3 Bd7 12. fxe4 0-0 13. 0-0 1/2-1/2

[Event "SVK-ch U10"]
[Site "Liptovsky Mikulas"]
[Date "2018.04.22"]
[Round "3"]
[White "Kocan, Dominik"]
[Black "Popelka, Filip"]
[Result "0-1"]
[WhiteElo "1000"]
[BlackElo "1000"]
[PlyCount "68"]
[EventDate "2018.04.21"]
[EventType "swiss"]
[EventRounds "9"]
[EventCountry "SVK"]
[SourceTitle "CBM 184 Extra"]
[Source "ChessBase"]
[SourceDate "2018.06.28"]
[SourceVersion "1"]
[SourceVersionDate "2018.06.28"]
[SourceQuality "1"]

1. d4 d5 2. Nc3 Nf6 3. Bf4 Nc6 4. Nf3 Bf5 5. Nb5 Rc8 6. c3 Be4 7. g3 e6 8. Bg2 a6 9. Na3 Bxa3 10. bxa3 0-0 11. 0-0 h6 12. Qe1 Bxf3 13. Bxf3 Nh5 14. Bxh5 g6 15. Bf3 f6 16. Bxh6 Rf7 17. Qb1 Ne7 18. Qxb7 Ra8 19. Qb1 Rb8 20. Qc1 g5 21. Bh5 Rh7 22. Qc2 Rxh6 23. Bg4 e5 24. Be6+ Kg7 25. Qd3 e4 26. Qxa6 Rb2 27. Kg2 f5 28. Rfe1 f4 29. gxf4 gxf4 30. Reb1 Rd2 31. e3 Rg6+ 32. Kf1 Nf5 33. Ke1 Rc2 34. Qc6 Rg1# 0-1

[Event "SVK-ch U10"]
[Site "Liptovsky Mikulas"]
[Date "2017.04.24"]
[Round "4"]
[White "Sahidi, Shabir"]
[Black "Popelka, Filip"]
[Result "0-1"]
[WhiteElo "1000"]
[BlackElo "1000"]
[PlyCount "69"]
[EventDate "2017.04.22"]
[EventType "swiss"]
[EventRounds "9"]
[EventCountry "SVK"]
[SourceTitle "CBM 178 Extra"]
[Source "ChessBase"]
[SourceDate "2017.06.22"]
[SourceVersion "1"]
[SourceVersionDate "2017.06.22"]
[SourceQuality "1"]

1. e4 e5 2. Bc4 Bc5 3. Qf3 Nf6 4. Nc3 Nc6 5. d3 Nd4 6. Qe3 Nxc2+ 7. Kd2 Nxe3 8. fxe3 0-0 9. h3 d6 10. Nf3 b6 11. Ng5 Nh5 12. Nxf7 Qf6 13. Nb5 Bb4+ 14. Kc2 Qf2+ 15. Kb3 a5 16. Nxc7 Ra7 17. Ne6 Ng3 18. a3 Nxh1 19. Nxf8 Qe1 20. Ng5+ Kxf8 21. axb4 Qxb4+ 22. Kc2 Bg4 23. hxg4 a4 24. Rb1 a3 25. bxa3 Qe1 26. Nxh7+ Ke8 27. Rxb6 Qe2+ 28. Bd2 Rxa3 29. Rb7 Kd8 30. Nf8 Ra1 31. Ne6+ Kc8 32. Rxg7 Qd1+ 33. Kc3 Qb1 34. Bd5 Ra3+ 35. Kc4 0-1